Coats of Arms of the largest Municipalities of Slovenia - Statistics

General Stats
  • This quiz has been taken 9 times
  • The average score is 11 of 16
Answer Stats
Picture Answer % Correct
Celje
100%
Ljubljana
100%
Maribor
100%
Koper
88%
Kranj
88%
Novo mesto
88%
Ptuj
88%
Velenje
75%
Domžale
63%
Krško
63%
Nova Gorica
63%
Jesenice
50%
Kamnik
50%
Slovenska Bistrica
50%
Brežice
38%
Škofja Loka
38%
No matching quizzes found
Score Distribution
Percent of People with Each Score
Percentile by Number Answered
Your Score History
You have not taken this quiz